Fisiología humana

Guardat en:
Dades bibliogràfiques
Autor principal: Guyton, Arthur Clifton (Autor)
Format: Llibre
Idioma:espanyol
Publicat: Ciudad de México Interamericana 1975
Edició:4a. ed
Matèries:
Etiquetes: Afegir etiqueta
Sense etiquetes, Sigues el primer a etiquetar aquest registre!

MARC

LEADER 00000nam a2200000 a 4500
001 UCZ0289
003 CL-VaPUC
008 950728e19750000MX |||||||||||||||||spa|d
082 0 4 |a 612  |b GUY  |2 21 
100 |a Guyton, Arthur Clifton  |e author  |9 571525 
245 1 0 |a Fisiología humana 
250 |a 4a. ed 
300 |a 446 p 
942 |c BK 
945 |d 19950728 00:00:00  |a awong 
260 |a Ciudad de México  |b Interamericana  |c 1975 
650 0 |a Fisiología humana   |9 269557 
650 0 |a Endocrinología  |9 335883 
650 7 |a SISTEMAS CARDIOVASCULARES  |2 CL-VaPUC  |9 343010 
650 7 |a SISTEMAS NERVIOSOS  |2 CL-VaPUC  |9 343011 
583 |a last modification  |c 20171031 10:59:58  |k Rodrigo Vera 
999 |c 237243  |d 237241 
952 |0 0  |1 0  |4 0  |6 612_000000000000000_GUY_1975  |7 0  |8 A  |9 246122  |a BIBCUR  |b BIBCUR  |d 2019-11-18  |i 200903K  |o 612 GUY 1975  |p 200903K  |r 2025-04-22  |w 2019-11-18  |y BK  |k BCB 
952 |0 0  |1 0  |2 ddc  |4 0  |6 612_000000000000000_GUY_1975  |7 0  |8 A  |9 246123  |a BIBCUR  |b BIBCUR  |c PAC  |d 2019-11-18  |i 2009048  |o 612 GUY 1975  |p 2009048  |r 2025-04-22  |w 2019-11-18  |y BK  |k BCB 
952 |0 0  |1 0  |4 0  |6 612_000000000000000_GUY_1975  |7 0  |8 R  |9 246124  |a BIBEDU  |b BIBEDU  |d 2019-11-18  |i 1551469  |o 612 GUY 1975  |p 1551469  |r 2019-11-18  |w 2019-11-18  |y BK_R  |k EDU 
952 |0 0  |1 0  |4 0  |6 612_000000000000000_GUY_1975  |7 0  |8 R  |9 246125  |a BIBEDU  |b BIBEDU  |d 2019-11-18  |i 1551477  |o 612 GUY 1975  |p 1551477  |r 2019-11-18  |w 2019-11-18  |y BK_R  |k EDU 
952 |0 0  |1 0  |4 0  |6 612_000000000000000_GUY_1975  |7 0  |8 R  |9 246126  |a BIBEDU  |b BIBEDU  |d 2019-11-18  |i 1551493  |o 612 GUY 1975  |p 1551493  |r 2019-11-18  |w 2019-11-18  |y BK_R  |k EDU 
952 |0 0  |1 0  |4 0  |6 612_000000000000000_GUY_1975  |7 0  |8 A  |9 246127  |a BIBING  |b BIBING  |d 2019-11-18  |i 166574K  |o 612 GUY 1975  |p 166574K  |r 2025-01-20  |w 2019-11-18  |y BK  |k EIB